Comunicaciones y conclusiones del III Congreso internacional de genealogía y heráldica (Record no. 46691)

MARC details
000 -LEADER
campo de control de longitud fija 00796nam a2200193 i 4500
001 - NÚMERO DE CONTROL
campo de control 46691
003 - IDENTIFICADOR DE NÚMERO DE CONTROL
campo de control ES-MaACL
005 - FECHA Y HORA DE LA ÚLTIMA TRANSACCIÓN
campo de control 20230906161429.0
007 - CAMPO FIJO DE DESCRIPCIÓN FÍSICA--INFORMACIÓN GENERAL
campo de control de longitud fija t|
008 - DATOS DE LONGITUD FIJA--INFORMACIÓN GENERAL
campo de control de longitud fija 030331s1955 sp ||||1| spa d
111 2# - ENTRADA PRINCIPAL--NOMBRE DE CONGRESO/REUNIÓN
Nombre de congreso/reunión o jurisdicción como elemento de entrada Congreso Internacional de genealogía y Heráldica (
Número del congreso/reunión o número de parte o sección 3º.
Fecha del congreso o de la firma del tratado 1955.
Sede del congreso/Lugar de la reunión Madrid)
9 (RLIN) 432
245 10 - MENCIÓN DEL TÍTULO
Título Comunicaciones y conclusiones del III Congreso internacional de genealogía y heráldica
Resto del título : Madrid, 6 al 11 de octubre de 1955.
260 ## - PUBLICACIÓN, DISTRIBUCIÓN, ETC.
Lugar de publicación, distribución, etc. Madrid :
Nombre del editor, distribuidor, etc. Instituto Internacional de Genealogía y Heráldica,
Fecha de publicación, distribución, etc. 1955.
300 ## - DESCRIPCIÓN FÍSICA
Extensión 720 p. ;
Dimensiones 26 cm.
650 #4 - PUNTO DE ACCESO ADICIONAL DE MATERIA--TÉRMINO DE MATERIA
Término de materia o nombre geográfico como elemento de entrada Genealogía-
Subdivisión de forma Congresos y asambleas.
9 (RLIN) 157624
650 #4 - PUNTO DE ACCESO ADICIONAL DE MATERIA--TÉRMINO DE MATERIA
Término de materia o nombre geográfico como elemento de entrada Heráldica-
Subdivisión de forma Congresos y asambleas.
9 (RLIN) 157625
710 2# - ENTRADA AGREGADA--NOMBRE DE ENTIDAD CORPORATIVA
Nombre de entidad corporativa o nombre de jurisdicción como elemento de entrada Instituto Internacional de Genealogía y Heráldica.
9 (RLIN) 5098
852 ## - LOCALIZACIÓN
Ubicación ES-MaACL
Número de control de estantería L-10766
Sublocalización o colección R.110987
Holdings
Estatus retirado Estado de pérdida Estado de daño No para préstamo Biblioteca de origen Biblioteca actual Ubicación en estantería Fecha de adquisición Fuente de adquisición Total de préstamos Signatura topográfica completa Código de barras Visto por última vez Precio de reemplazo Tipo de ítem Koha
        Biblioteca del Ateneo de Madrid Biblioteca del Ateneo de Madrid Depósito 2 17/01/2008     L-10766 1049109 23/02/2023 23/02/2023 Libro impreso